header

Myths of empire (Record no. 41286)

MARC details
000 -LEADER
fixed length control field 01380nam a2200361Ia 4500
082 04 - DEWEY DECIMAL CLASSIFICATION NUMBER
Classification number 325.32
100 1# - MAIN ENTRY--AUTHOR NAME
Personal name Snyder, Jack L.
245 10 - TITLE STATEMENT
Title Myths of empire
260 ## - PUBLICATION, DISTRIBUTION, ETC. (IMPRINT)
Place of publication Ithaca, N.Y. :
Name of publisher Cornell University Press,
Year of publication 1991.
300 ## - PHYSICAL DESCRIPTION
Number of Pages viii, 330 p.
490 1# - SERIES STATEMENT
Series statement Cornell studies in security affairs
650 #0 - SUBJECT ADDED ENTRY--TOPICAL TERM
Topical Term Imperialism.
Topical Term World politics
Topical Term World politics
856 40 - ELECTRONIC LOCATION AND ACCESS
Uniform Resource Identifier http://site.ebrary.com/lib/rucke/Doc?id=10715676

No items available.

© 2026 Rongo University
Contact us: librarian | system librarian | Rongo university